00893nam a2200229Ia 4500008004100000020002000041082002200061100003400083245002800117260005100145300001300196365002800209366000800237505002000245530000900265620016700274630002800441730002800469942000900497999001900506952013800525100315s9999 xx 000 0 und d a81-7493-036-1  b3056 a658.839  a"Rathor, B.S., Rathor, J.S. " aInternational Marketing aMumbai bHimalaya Publishing House  c1995  a483p.   eRupees d1 b325.00  f0  gTushar Jadhav  b-   a"Nature & Scope of International Marketing, Features of International Marketing, Clearing & Forwarding of Cargo, Trade Blocks, International Marketing Research " aInternational Marketing aInternational Marketing cBOOK c477791d477788 00104070aVPMBRIMSbVPMBRIMSd2006-01-20g325.00l0o658.839 /RAT  3056 pVPMBRIMS-3056 r2010-03-19 00:00:00w2010-03-19yBOOK